| 000 | 00596nam a2200217 a 4500 | ||
|---|---|---|---|
| 001 | BRCA_4080 | ||
| 005 | 20190320204534.0 | ||
| 008 | 180210s1957----enk#######---#000-0#eng-# | ||
| 041 | _aeng | ||
| 044 | _aenk | ||
| 050 | 4 |
_aPZ3 _b.Ch36 1957 |
|
| 100 | 1 |
_aChandler, Raymond _d1888-1959. _910566 |
|
| 245 | 1 | 0 |
_aTrouble is my Business and other Stories _cRaymond Chandler. |
| 260 |
_aAylesbury, Inglaterra _bPenguin Books _c1957 |
||
| 300 |
_a248 p. _c18 cm. |
||
| 440 | 0 |
_aPenguin Books _v741 _910567 |
|
| 500 | _aCEF52 | ||
| 650 | 1 | 4 |
_aNovelas policĂacas _9877 |
| 902 | _aGFM | ||
| 942 |
_2lcc _cB |
||
| 999 |
_c3802 _d3802 |
||